Tài liệu hướng dẫn dạy và học về ứng phó biến đổi khí hậu

Trình bày về khí hậu trái đất, hiện tượng biến đổi khí hậu toàn cầu và nguyên nhân, đối tượng chịu tác động của hiện tượng này; biến đổi khí hậu ở Việt Nam và những biện pháp giảm nhẹ biến đổi khí hậu....

Cijeli opis

Spremljeno u:
Bibliografski detalji
Autori kompanije: Việt Nam, Bộ Giáo dục và Đào tạo
Format: Knjiga
Jezik:Undetermined
Izdano: Hà Nội [Hà Nội] 2012
Teme:
Oznake: Dodaj oznaku
Bez oznaka, Budi prvi tko označuje ovaj zapis!
Thư viện lưu trữ: Trung tâm Học liệu Trường Đại học Cần Thơ
LEADER 01100nam a2200217Ia 4500
001 CTU_178721
008 210402s9999 xx 000 0 und d
082 |a 577.22 
082 |b V308 
110 |a Việt Nam 
110 |b Bộ Giáo dục và Đào tạo 
245 0 |a Tài liệu hướng dẫn dạy và học về ứng phó biến đổi khí hậu 
245 0 |c Bộ Giáo dục và Đào tạo 
260 |a Hà Nội 
260 |b [Hà Nội] 
260 |c 2012 
520 |a Trình bày về khí hậu trái đất, hiện tượng biến đổi khí hậu toàn cầu và nguyên nhân, đối tượng chịu tác động của hiện tượng này; biến đổi khí hậu ở Việt Nam và những biện pháp giảm nhẹ biến đổi khí hậu. 
650 |a Climatic changes,Bioclimatology,Biến đổi khí hậu 
650 |x Studying and teaching,Dạy và học 
904 |i Trọng Hiếu 
980 |a Trung tâm Học liệu Trường Đại học Cần Thơ